Southville International School and Colleges
Your cart is empty.
  • Cart
  • Lists
    Public lists list_1 View all
    Your lists Log in to create your own lists
  • Log in to your account
  • Your cookies
  • Search history
Southville International School and Colleges
  • Advanced search
  • Recent comments
  • Most popular
  • Libraries

Log in to your account

Log in with GOOGLE


If you do not have an external account, but do have a local account, you can still log in:

  1. Home
  2. MARC view: Philippine Short Stories1941-1955 Part I (1941-1949) /
Normal view MARC view ISBD view

Philippine Short Stories1941-1955 Part I (1941-1949) / (Record no. 292380)

[ view plain ]
MARC details
000 -LEADER
fixed length control field 00457nam a2200145Ia 4500
008 - FIXED-LENGTH DATA ELEMENTS--GENERAL INFORMATION
fixed length control field 160319s9999 xx 000 0 und d
020 ## - INTERNATIONAL STANDARD BOOK NUMBER
International Standard Book Number 9789715420846
050 ## - LIBRARY OF CONGRESS CALL NUMBER
Classification number 899.210301
050 ## - LIBRARY OF CONGRESS CALL NUMBER
Item number .P552 2008
245 ## - TITLE STATEMENT
Title Philippine Short Stories1941-1955 Part I (1941-1949) /
245 ## - TITLE STATEMENT
Statement of responsibility, etc selected and edited with a critical introduction by Leopoldo Y. Yabes
260 ## - PUBLICATION, DISTRIBUTION, ETC. (IMPRINT)
Place of publication, distribution, etc Quezon City :
260 ## - PUBLICATION, DISTRIBUTION, ETC. (IMPRINT)
Name of publisher, distributor, etc University of the Philippines Press,
260 ## - PUBLICATION, DISTRIBUTION, ETC. (IMPRINT)
Date of publication, distribution, etc 2008
Holdings
Withdrawn status Lost status Damaged status Home library Current library Shelving location Date acquired Total Checkouts Full call number Barcode Date last seen Price effective from Koha item type
      Stonyhurst Southville International School (Batangas) Stonyhurst Southville International School (Batangas) Filipiniana Section 03/19/2016   Fil 899.210301 .P552 2008 Pt. 1 US-2027 03/19/2016 03/19/2016 Books

Philippine Short Stories1941-1955 Part I (1941-1949) /

APA

Philippine Short Stories1941-1955 Part I (1941-1949). Quezon City: .

Chicago

Philippine Short Stories1941-1955 Part I (1941-1949). Quezon City: .

Harvard

Philippine Short Stories1941-1955 Part I (1941-1949). Quezon City: .

MLA

Quezon City: . .

  • Place hold
  • Print
  • Cite
  • Add to your cart (remove)
  • Save record
    BIBTEX Dublin Core MARCXML MARC (non-Unicode/MARC-8) MARC (Unicode/UTF-8) MARC (Unicode/UTF-8, Standard) MODS (XML) RIS
  • More searches
    Search for this title in:
    Other Libraries (WorldCat) Other Databases (Google Scholar) Online Stores (Bookfinder.com) Open Library (openlibrary.org)

Exporting to Dublin Core...

SOUTHVILLE LIBRARY

Southville International School and Colleges Library

1281 Tropical Ave. Cor. Luxembourg St., BF Homes International, Las Pinas City

Tel. No. 8256374 / 252358 Loc. 117/146

Powered by Koha